000 00563nam a22001937a 4500
005 20241011123021.0
010 _aENG-142058
020 _a9789354910654
_c225.00
035 _aEN-125590
037 _bDBAD
082 _aS
_21
100 _aMashhadi, Zakia
_972676
245 _aBaksa:
_bAnd Other Short Stories/
_cBy Zakia Mashhadi
250 _a1
260 _aNew Delhi
_bNational Book Trust, India
_c2023
270 _aNehru Bhawan, 5 Institutional Area, Phase-II Vasant Kunj
_bNew Delhi
_e110070
300 _a167p.
_c22cm(pb)
942 _2ddc
_cEN
_mMAS
_hS
999 _c206319
_d206319